000 00603nam a2200253Ia 4500
008 210210b2016 xxu||||| |||| 00| 0 eng d
020 _a9781259097126
041 _aeng
082 _a657 ANTA
100 _aANTHONY (Robert N)
245 _aAccounting: text and cases Ed 13
250 _a
260 _aNew Delhi
_bMcGraw Hill Education (India) Private Limited
_c2016
300 _axxvi,911
650 _atext
650 _aEd
650 _acases
650 _aand
650 _aAccounting:
650 _a13
690 _aAccountancy
700 _aHAWKINS (David F)
906 _a070705
999 _c120095
_d120095